[Event "World Blitz 2025"]
[Site "Doha QAT"]
[Date "2025.12.30"]
[Round "16.10"]
[White "Radjabov, Teimour"]
[Black "Praggnanandhaa, R"]
[Result "1-0"]
[WhiteTitle "GM"]
[BlackTitle "GM"]
[WhiteElo "2692"]
[BlackElo "2761"]
[WhiteFideId "13400924"]
[BlackFideId "25059530"]
[EventDate "2025.12.29"]

1. e4 c5 2. Nf3 Nc6 3. Bb5 e6 4. O-O Nge7 5. Re1 Nd4 6. Nxd4 cxd4 7. c3 a6 8.
Bf1 Nc6 9. b4 Bd6 10. Bb2 dxc3 11. dxc3 Qc7 12. h3 O-O 13. Nd2 b6 14. a3 Bb7 15.
c4 Bh2+ 16. Kh1 Be5 17. Qb3 f5 18. Rad1 Ne7 19. Bxe5 Qxe5 20. Qe3 Qc7 21. Kg1
Rf7 22. exf5 Nxf5 23. Qe5 Qc6 24. Ne4 Raf8 25. Nd6 Nxd6 26. Rxd6 Qc7 27. Rd2
Qxe5 28. Rxe5 Bc6 29. f3 Rf5 30. Rxf5 Rxf5 31. Bd3 Rf8 32. Kf2 g5 33. Ke3 Kg7
34. Be4 Kf6 35. Bxh7 b5 36. Bd3 Ra8 37. Rc2 Ke7 38. Rc3 Kf6 39. Be2 Ra7 40. Kd2
Ra8 41. Kc2 bxc4 42. Bxc4 Ke5 43. g3 Kd4 44. Bf1 Ke5 45. Kd2 Bd5 46. Ke3 Ra7 47.
Rc5 Kf6 48. Be2 Ba8 49. Ra5 Rc7 50. Rxa6 Bd5 51. Kd2 Bb3 52. Bd3 Bd5 53. f4 gxf4
54. gxf4 Rc8 55. b5 Rh8 56. b6 Rxh3 57. Ra7 Ke7 58. a4 Kd6 59. a5 Rh8 60. Bb5
Kc5 61. Bxd7 Kb4 62. b7 Rb8 63. Bc8 Kc5 64. Kc3 Kd6 65. Kd4 Bb3 66. Ra8 1-0

[Event "World Blitz 2025"]
[Site "Doha QAT"]
[Date "2025.12.30"]
[Round "16.11"]
[White "Samunenkov, Ihor"]
[Black "Le, Quang Liem"]
[Result "1-0"]
[WhiteTitle "GM"]
[BlackTitle "GM"]
[WhiteElo "2584"]
[BlackElo "2731"]
[WhiteFideId "14187086"]
[BlackFideId "12401137"]
[EventDate "2025.12.29"]

1. e4 e5 2. Nf3 Nc6 3. Bb5 Bc5 4. c3 Nf6 5. d3 O-O 6. Bg5 h6 7. Bh4 Be7 8. Nbd2
d6 9. O-O Nh5 10. Bg3 Nxg3 11. fxg3 f5 12. Bc4+ Kh8 13. a4 Bf6 14. Qe2 fxe4 15.
dxe4 Qe7 16. a5 a6 17. b4 Be6 18. Bd5 Rae8 19. Bxc6 bxc6 20. Qxa6 Qd7 21. Qd3
Ra8 22. Nc4 c5 23. Ne3 cxb4 24. cxb4 Rfb8 25. Rab1 Qb5 26. Qc2 Rb7 27. h3 Rab8
28. Kh2 Qa6 29. Rfd1 Rxb4 30. Rxb4 Rxb4 31. Qxc7 Qe2 32. Re1 Qd3 33. Qc2 Qb5 34.
Qd2 Rb2 35. Qxd6 Bg8 36. Qb6 Qxb6 37. axb6 Rxb6 38. Nd5 Bxd5 39. exd5 Rd6 40.
Nxe5 Rxd5 41. Nf3 h5 42. Re6 Kg8 43. Kg1 Kf7 44. Rc6 Ra5 45. Rc2 g5 46. Nd2 Ra1+
47. Kf2 Bd4+ 48. Ke2 Ra3 49. Nf3 Bf6 50. Rc4 Ra2+ 51. Kf1 Ra1+ 52. Kf2 Ra2+ 53.
Kg1 Ra1+ 54. Kh2 Kg6 55. g4 h4 56. Re4 Kf7 57. Re1 Ra2 58. Rd1 Kg6 59. Kg1 Kf7
60. Rd2 Ra1+ 61. Kf2 Ra4 62. Rc2 Kg6 63. Ke3 Ra3+ 64. Ke4 Ra4+ 65. Kd3 Ra3+ 66.
Ke2 Kf7 67. Rd2 Ke6 68. Rd3 Ra2+ 69. Nd2 Ra4 70. Kf3 Rf4+ 71. Ke3 Ra4 72. Ne4
Be7 73. Rb3 Ra5 74. Kf3 Ke5 75. Rd3 Ke6 76. Nc3 Ra3 77. Re3+ Kf7 78. Nd5 Rxe3+
79. Kxe3 Bd8 80. Ke4 Ke6 81. Nc3 Ba5 82. Nb5 Bb6 83. Nd4+ Kf6 84. Kd5 Ba7 85.
Nf3 Be3 86. Ne1 Bd2 87. Nd3 Be3 88. Nb4 Bd2 89. Nc6 Bf4 90. Nd4 Be3 91. Nf5 Bf4
92. Nd6 Bc1 93. Ne4+ Kg6 94. Ke6 Bf4 95. Nc5 Be3 96. Nd7 Bc1 97. Ne5+ Kg7 98.
Kf5 Be3 99. Nc4 Bc1 100. Nd6 Be3 101. Ne4 Kh6 102. Kf6 Bd4+ 103. Kf7 Be5 104.
Nf6 Bb2 105. Ng8+ Kh7 106. Ne7 Kh6 107. Ke6 Ba3 108. Kf6 Bb2+ 109. Kf5 Bc1 110.
Ng8+ Kg7 111. Nf6 Be3 112. Nd5 Bd2 113. Nc7 Bc1 114. Ne6+ Kh6 115. Nd8 Kg7 116.
Nb7 Bf4 117. Nc5 Be3 118. Ne4 Kh6 119. Kf6 Bd4+ 120. Kf7 Bb2 121. Nd6 Bc1 122.
Nf5+ Kh7 123. Kf6 Bd2 124. Nd6 Kg8 125. Ne4 Be3 1-0

[Event "World Blitz 2025"]
[Site "Doha QAT"]
[Date "2025.12.30"]
[Round "16.12"]
[White "Ponomariov, Ruslan"]
[Black "Martirosyan, Haik M."]
[Result "0-1"]
[WhiteTitle "GM"]
[BlackTitle "GM"]
[WhiteElo "2639"]
[BlackElo "2625"]
[WhiteFideId "14103320"]
[BlackFideId "13306553"]
[EventDate "2025.12.29"]

1. Nf3 d5 2. b3 c5 3. e3 g6 4. Bb2 Nf6 5. c4 dxc4 6. bxc4 Bg7 7. Be2 O-O 8. O-O
b6 9. Nc3 Bb7 10. Qc2 Nc6 11. a3 Rc8 12. d3 e6 13. Rfd1 Qe7 14. Rab1 Rfd8 15.
Ba1 h6 16. h3 Ne8 17. Ne4 Bxa1 18. Rxa1 Nd6 19. Ned2 Qf6 20. Rab1 Rc7 21. Ne1
Rcd7 22. Bf3 Qg7 23. g3 h5 24. h4 Ne5 25. Bxb7 Nxb7 26. Ndf3 Na5 27. Nxe5 Qxe5
28. Kg2 Qf5 29. Qe2 Nc6 30. Qf3 Ne5 31. Qe2 Qf6 32. a4 Nc6 33. Qf3 Qxf3+ 34.
Kxf3 Kg7 35. Ke2 Nb4 36. Rd2 a5 37. Rb3 e5 38. e4 f5 39. f3 Rd6 40. Nc2 f4 41.
gxf4 exf4 42. Na3 R6d7 43. Nb5 Nc6 44. Rb1 Ne5 45. Rbd1 Nc6 46. Rg1 Kh6 47. Nc3
Nb4 48. Nd5 Rd6 49. Nxf4 Rf8 50. Nd5 Rd7 51. Ke3 Rdf7 52. Rf2 Nc6 53. f4 Nb4 54.
Rfg2 Rg7 55. f5 Rfg8 56. fxg6 Rf8 57. Nxb6 Nc6 58. Rg5 Nd4 59. R1g3 Rb8 60. Nd5
Rb2 61. Rg2 0-1

[Event "World Blitz 2025"]
[Site "Doha QAT"]
[Date "2025.12.30"]
[Round "16.13"]
[White "Firouzja, Alireza"]
[Black "Lazavik, Denis"]
[Result "1/2-1/2"]
[WhiteTitle "GM"]
[BlackTitle "GM"]
[WhiteElo "2762"]
[BlackElo "2605"]
[WhiteFideId "12573981"]
[BlackFideId "13515110"]
[EventDate "2025.12.29"]

1. e4 e5 2. Nf3 Nc6 3. Bc4 Nf6 4. Ng5 d5 5. exd5 Na5 6. Bb5+ c6 7. dxc6 bxc6 8.
Qf3 Be7 9. Bd3 h6 10. Ne4 Nd5 11. Ng3 Nf4 12. Bf5 Ba6 13. d3 g6 14. Be4 O-O 15.
O-O f5 16. Bxc6 Rc8 17. Bxf4 Nxc6 18. Bxh6 Nd4 19. Qd1 Nxc2 20. Bxf8 Bxf8 21.
Nc3 Nxa1 22. Qxa1 Bxd3 23. Rd1 e4 24. Nge2 Bc5 25. Nf4 Bxf2+ 26. Kh1 Be3 27.
Nxg6 Qd6 28. Nh4 Qf6 29. g3 Bg5 30. Ng2 Qe5 31. Re1 e3 32. Qd1 Rd8 33. Qh5 Qe7
34. h4 Bf6 35. Rxe3 Qf7 36. Qf3 Bc4 37. Qxf5 Bg7 38. Qxf7+ Kxf7 39. Rf3+ Kg8 40.
Rf2 Rd3 41. Kh2 Bxc3 42. bxc3 Rxc3 43. g4 Ra3 44. Rf4 Bd5 45. Rf2 Rxa2 46. Rxa2
Bxa2 47. Ne3 a5 48. Nc2 Bb1 49. Na3 Bd3 50. Kg3 Kf7 51. Kf4 Ke6 52. h5 Kf6 53.
g5+ Kf7 54. Ke3 Ba6 55. Nc2 a4 56. Kf4 Be2 57. h6 Bd3 58. Nb4 a3 59. Na2 Bc4 60.
Nc3 a2 1/2-1/2

[Event "World Blitz 2025"]
[Site "Doha QAT"]
[Date "2025.12.30"]
[Round "16.14"]
[White "Tabatabaei, M. Amin"]
[Black "Aronian, Levon"]
[Result "1/2-1/2"]
[WhiteTitle "GM"]
[BlackTitle "GM"]
[WhiteElo "2700"]
[BlackElo "2729"]
[WhiteFideId "12521213"]
[BlackFideId "13300474"]
[EventDate "2025.12.29"]

1. d4 d5 2. Nc3 Nf6 3. Bf4 Bf5 4. e3 e6 5. Bd3 c6 6. Bxf5 exf5 7. Qd3 g6 8. Nf3
Nbd7 9. O-O Be7 10. h3 O-O 11. Ne2 a5 12. a4 Qb6 13. b3 Rfe8 14. c4 Qa6 15. Rfd1
Bb4 16. Rac1 Rad8 17. Bg5 Be7 18. Nf4 Nb6 19. Ne5 Ne4 20. Bxe7 Rxe7 21. cxd5
Qxd3 22. Nexd3 Nxd5 23. Nxd5 Rxd5 24. Rc2 Kg7 25. Rb1 g5 26. b4 f4 27. Nc5 axb4
28. Rxb4 fxe3 29. Nxe4 Rxe4 30. fxe3 Rxe3 31. Rxb7 Rxd4 32. Rf2 Rf4 33. Rxf4
gxf4 34. Rb4 f3 35. Kf2 Ra3 36. gxf3 h5 37. Rc4 f6 38. Kg3 Kg6 39. h4 Ra1 40.
Rxc6 1/2-1/2

[Event "World Blitz 2025"]
[Site "Doha QAT"]
[Date "2025.12.30"]
[Round "16.15"]
[White "Sevian, Samuel"]
[Black "Rapport, Richard"]
[Result "1-0"]
[WhiteTitle "GM"]
[BlackTitle "GM"]
[WhiteElo "2688"]
[BlackElo "2741"]
[WhiteFideId "2040506"]
[BlackFideId "738590"]
[EventDate "2025.12.29"]

1. e4 c5 2. Nf3 Nc6 3. Nc3 e5 4. Bc4 d6 5. d3 Be7 6. h3 Nf6 7. a4 O-O 8. Nh2 Be6
9. Nd5 Bxd5 10. exd5 Nb4 11. g4 Nd7 12. c3 Na6 13. Nf1 Bh4 14. Qf3 Nc7 15. Be3
a6 16. a5 b5 17. axb6 Nxb6 18. Nd2 Rb8 19. b3 Nxc4 20. dxc4 Qd7 21. Qf5 Qxf5 22.
gxf5 g6 23. Ne4 Rfd8 24. Rg1 Rxb3 25. Rg4 Be7 26. f6 Bf8 27. Ke2 Rdb8 28. Rgg1
R3b6 29. Kd3 h6 30. f4 exf4 31. Bxf4 Ne8 32. h4 Kh7 33. Rg2 Rb1 34. Rxa6 Rd1+
35. Rd2 Rh1 36. Bxd6 Bxd6 37. Nxd6 Nxf6 38. Ra7 Ng4 39. Nxf7 Rh3+ 40. Ke4 Rxh4
41. Ne5+ Kg8 42. Nxg6 Rh3 43. Rg2 h5 44. Kf5 Ne3+ 45. Kg5 Rf3 46. Rg1 Re8 47. d6
Rd8 48. Kxh5 Rh3+ 49. Nh4+ Kh8 50. Rg6 Nf5 51. Kg5 Rxh4 52. Kxf5 Rxc4 53. Ke6
Rxc3 54. Ke7 Rb8 55. d7 Rd3 56. Rd6 Re3+ 57. Re6 Rd3 58. Rc6 Rg8 59. Rc8 Re3+
60. Kd6 Rd3+ 61. Kc6 c4 62. Rxg8+ Kxg8 63. Ra8+ Kf7 64. d8=Q 1-0

[Event "World Blitz 2025"]
[Site "Doha QAT"]
[Date "2025.12.30"]
[Round "16.16"]
[White "Matlakov, Maxim"]
[Black "Sarana, Alexey"]
[Result "1-0"]
[WhiteTitle "GM"]
[BlackTitle "GM"]
[WhiteElo "2606"]
[BlackElo "2673"]
[WhiteFideId "4168003"]
[BlackFideId "24133795"]
[EventDate "2025.12.29"]

1. d4 d5 2. c4 e6 3. Nf3 Nf6 4. g3 Bb4+ 5. Bd2 Bd6 6. Bg2 O-O 7. Nc3 Nbd7 8. c5
Be7 9. O-O c6 10. b4 Re8 11. Qc2 Bf8 12. Rad1 a5 13. a3 axb4 14. axb4 Qe7 15.
Rfe1 b6 16. e4 dxe4 17. Nxe4 Nxe4 18. Qxe4 Nf6 19. Qc2 bxc5 20. dxc5 Nd5 21. Ng5
g6 22. Ne4 Bg7 23. Nd6 Rd8 24. b5 Bd7 25. h4 Rdb8 26. Bg5 Qf8 27. b6 Ra5 28. Bd2
Ra3 29. Ne4 Rba8 30. h5 Ra2 31. Qd3 R8a3 32. Qc4 Bc8 33. h6 Bxh6 34. Bxh6 Qxh6
35. Qd4 Qg7 36. Nd6 Qxd4 37. Rxd4 Ba6 38. Bxd5 exd5 39. b7 Bxb7 40. Nxb7 Rc2 41.
Rf4 f5 42. g4 Rc4 43. Rxc4 dxc4 44. gxf5 gxf5 45. Nd6 c3 46. Rc1 Kg7 47. Nxf5+
Kf6 48. Nd6 Ke6 49. Ne4 Kd5 50. Nxc3+ Kd4 51. Ne2+ Kd5 52. Kg2 Ra5 53. Nf4+ Ke5
54. Kg3 Ra3+ 55. f3 Kd4 56. Ne6+ Kd5 57. Ng5 h6 58. Ne4 Kd4 59. Rd1+ Ke3 60.
Re1+ Kd4 61. Rd1+ Ke3 62. Rd6 Ra8 63. Rg6 Rf8 64. Nf6 h5 65. f4 h4+ 66. Kg4 h3
67. Rh6 h2 68. Kf5 Kd4 69. Rxh2 Kxc5 70. Ke6 Kb4 71. f5 c5 72. Ke7 Ra8 73. Nd5+
Kb3 74. f6 c4 75. f7 Ra7+ 76. Kf6 Ra8 77. Kg7 1-0

[Event "World Blitz 2025"]
[Site "Doha QAT"]
[Date "2025.12.30"]
[Round "16.17"]
[White "Nihal, Sarin"]
[Black "Amar, Elham"]
[Result "1-0"]
[WhiteTitle "GM"]
[BlackTitle "GM"]
[WhiteElo "2701"]
[BlackElo "2592"]
[WhiteFideId "25092340"]
[BlackFideId "1533533"]
[EventDate "2025.12.29"]

1. e4 c6 2. Nf3 d5 3. d3 g6 4. Nbd2 Bg7 5. g3 e5 6. Bg2 Ne7 7. O-O O-O 8. a4 Na6
9. Re1 Re8 10. exd5 Nxd5 11. Nc4 f6 12. c3 Nac7 13. a5 Be6 14. Nfd2 Qd7 15. Qc2
Rad8 16. Ne4 b6 17. axb6 axb6 18. Ra7 Ra8 19. Rxa8 Rxa8 20. Bd2 Bf7 21. Ncd6 Be6
22. Nc4 Bf7 23. Qc1 Rb8 24. Bh6 Ne7 25. Bxg7 Kxg7 26. Nxf6 Qf5 27. Nxe5 Be6 28.
Nfg4 Rf8 29. d4 h5 30. Be4 hxg4 1-0

[Event "World Blitz 2025"]
[Site "Doha QAT"]
[Date "2025.12.30"]
[Round "16.18"]
[White "Keymer, Vincent"]
[Black "Grischuk, Alexander"]
[Result "1/2-1/2"]
[WhiteTitle "GM"]
[BlackTitle "GM"]
[WhiteElo "2776"]
[BlackElo "2654"]
[WhiteFideId "12940690"]
[BlackFideId "4126025"]
[EventDate "2025.12.29"]

1. Nf3 Nf6 2. c4 g6 3. g3 Bg7 4. Bg2 c5 5. d4 cxd4 6. Nxd4 h5 7. h3 Nc6 8. Nc3
Nxd4 9. Qxd4 d6 10. Qd3 O-O 11. O-O Be6 12. Bd2 Qc8 13. Nd5 Nxd5 14. cxd5 Bxh3
15. Rac1 Qd7 16. Bxh3 Qxh3 17. Rc7 Bf6 18. Rxb7 h4 19. gxh4 Qxh4 20. Rb4 Qh5 21.
Kg2 a5 22. Rc4 Rfc8 23. Rh1 Rxc4 24. Qxc4 Qf5 25. Rh3 Rc8 26. Qd3 Qxd3 27. Rxd3
Rc2 28. Bxa5 Rxb2 29. Rd2 Rb5 30. Bc7 Rb7 31. Ba5 Kg7 32. Kf3 Be5 33. e3 f5 34.
Ke2 g5 35. Kf3 g4+ 36. Kg2 Kf6 37. a3 Rb3 38. Bb4 Ba1 39. Ra2 Be5 40. Rd2 Kf7
41. Ra2 Bb2 42. Kg3 Be5+ 43. Kg2 Kg6 44. Be1 Rb1 45. Bd2 Rb7 46. a4 Ra7 47. a5
Kf6 48. a6 e6 49. dxe6 Kxe6 50. f4 gxf3+ 51. Kxf3 Kd5 52. Be1 Kc6 53. e4 fxe4+
54. Kxe4 Kb5 55. Bf2 Rxa6 56. Rxa6 Kxa6 1/2-1/2

[Event "World Blitz 2025"]
[Site "Doha QAT"]
[Date "2025.12.30"]
[Round "16.19"]
[White "Salem, A.R. Saleh"]
[Black "Hakobyan, Aram"]
[Result "0-1"]
[WhiteTitle "GM"]
[BlackTitle "GM"]
[WhiteElo "2635"]
[BlackElo "2613"]
[WhiteFideId "9301348"]
[BlackFideId "13306677"]
[EventDate "2025.12.29"]

1. d4 Nf6 2. c4 e6 3. Nc3 d5 4. cxd5 exd5 5. Bg5 Bb4 6. e3 h6 7. Bh4 g5 8. Bg3
h5 9. Be5 Nbd7 10. Bxf6 Qxf6 11. Qb3 Qe7 12. a3 Bxc3+ 13. Qxc3 Nf6 14. Bd3 h4
15. h3 c6 16. Nf3 Ne4 17. Qb4 f6 18. Qxe7+ Kxe7 19. Bxe4 dxe4 20. Nd2 f5 21. Nc4
Be6 22. Ne5 Rhd8 23. Rc1 Rd5 24. f3 Rb5 25. Rc2 Rb3 26. Kd2 exf3 27. Nxf3 Kf6
28. Ne5 Rd8 29. Re1 Bd5 30. Kc1 Be4 31. Rf2 c5 32. Rd2 cxd4 33. exd4 Rg3 34.
Ree2 Rc8+ 35. Kd1 Rc7 36. Rf2 Kg7 37. Rfe2 Bd5 38. Rf2 Re3 39. Rfe2 Rg3 40. Rf2
f4 41. Nf3 Kf6 42. Rde2 Rd7 43. Rd2 Kf5 44. Ne5 Bb3+ 45. Ke1 Rc7 46. Nd3 Re3+
47. Rfe2 Bc4 48. Rxe3 fxe3 49. Rc2 Ke4 50. Nc5+ Kd5 51. Rc3 Re7 52. Nb3 0-1

[Event "World Blitz 2025"]
[Site "Doha QAT"]
[Date "2025.12.30"]
[Round "16.20"]
[White "Robson, Ray"]
[Black "Mamedov, Edgar"]
[Result "1/2-1/2"]
[WhiteTitle "GM"]
[BlackTitle "GM"]
[WhiteElo "2650"]
[BlackElo "2492"]
[WhiteFideId "2023970"]
[BlackFideId "13739980"]
[EventDate "2025.12.29"]

1. d4 d5 2. c4 e6 3. Nc3 Nf6 4. Nf3 c6 5. Bg5 Nbd7 6. e3 Qa5 7. Nd2 dxc4 8. Bxf6
Nxf6 9. Nxc4 Qc7 10. g3 Bd6 11. Bg2 e5 12. O-O O-O 13. d5 cxd5 14. Nxd5 Nxd5 15.
Qxd5 Rd8 16. Nxd6 Qxd6 17. Qxd6 Rxd6 18. Rfd1 Rxd1+ 19. Rxd1 Bg4 20. Rd5 Rc8 21.
h3 Be6 22. Rd2 b6 23. a3 Kf8 24. f4 Ke7 25. Kf2 Rc5 26. g4 f6 27. Be4 exf4 28.
exf4 f5 29. Bf3 a5 30. g5 b5 31. h4 b4 32. axb4 axb4 33. h5 Rc4 34. Ke3 b3 35.
Rd4 Rc2 36. Rd2 Rc1 37. Kf2 Bc4 38. Rd4 Be6 39. Bd1 Rb1 40. Rd2 Rc1 41. Rd4 Rc2+
42. Ke3 Rxb2 43. Rb4 Bd5 44. Kd3 Rb1 45. Kd2 Kd6 46. Rb8 Kc5 47. h6 gxh6 48.
gxh6 Kd4 49. Rd8 Rb2+ 50. Kc1 Rf2 51. Bxb3 Kc3 52. Rxd5 Kxb3 53. Rxf5 Kc3 54.
Kd1 Kd3 55. Ke1 Ke4 56. Rf7 Rxf4 57. Rxh7 Rh4 58. Rh8 Kf5 59. h7 Kg6 60. Kf2
Rxh7 61. Rxh7 1/2-1/2

[Event "World Blitz 2025"]
[Site "Doha QAT"]
[Date "2025.12.30"]
[Round "16.21"]
[White "Van Foreest, Jorden"]
[Black "Pranesh, M"]
[Result "1/2-1/2"]
[WhiteTitle "GM"]
[BlackTitle "GM"]
[WhiteElo "2692"]
[BlackElo "2627"]
[WhiteFideId "1039784"]
[BlackFideId "35028600"]
[EventDate "2025.12.29"]

1. e4 e5 2. Nc3 Nc6 3. Nf3 Nf6 4. Bb5 Bb4 5. d3 d6 6. O-O O-O 7. Ne2 Ne7 8. c3
Ba5 9. Ng3 c6 10. Ba4 Ng6 11. d4 h6 12. h3 Bc7 13. Bc2 Re8 14. Re1 a5 15. a4 Be6
16. Be3 Qc8 17. Kh2 d5 18. exd5 Nxd5 19. Bxg6 exd4 20. Bxf7+ Bxf7 21. Bxd4 Nf4
22. Ne5 Bd5 23. f3 Qd8 24. c4 Bxc4 25. Re4 Qg5 26. Qd2 Bd5 27. Rxf4 Rxe5 28. h4
Qe7 29. Rg4 Be6 30. Bxe5 Bxe5 31. Re4 Bd5 32. Rg4 Be6 33. Re4 Bd5 34. Rg4 Be6
35. Re4 1/2-1/2

[Event "World Blitz 2025"]
[Site "Doha QAT"]
[Date "2025.12.30"]
[Round "16.22"]
[White "Quparadze, Giga"]
[Black "Mamedyarov, Shakhriyar"]
[Result "0-1"]
[WhiteTitle "GM"]
[BlackTitle "GM"]
[WhiteElo "2502"]
[BlackElo "2730"]
[WhiteFideId "13602250"]
[BlackFideId "13401319"]
[EventDate "2025.12.29"]

1. e4 d6 2. d4 Nf6 3. Nc3 e5 4. Nf3 Nbd7 5. Bc4 Be7 6. O-O O-O 7. Re1 c6 8. a4
Re8 9. h3 h6 10. Be3 Bf8 11. a5 Qc7 12. d5 b5 13. axb6 Nxb6 14. Bxb6 Qxb6 15.
dxc6 Be6 16. Nd5 Qxb2 17. Bb3 Bxd5 18. exd5 Qc3 19. Qd2 Qc5 20. Ra5 Qb6 21. Rea1
e4 22. Nd4 e3 23. fxe3 Ne4 24. Qd3 Nc5 25. Qb5 Qc7 26. Qe2 g6 27. Nb5 Qb6 28.
Rxa7 Rxa7 29. Rxa7 Nxb3 30. Rb7 Qc5 31. Qf2 f5 32. cxb3 Rxe3 33. g3 Rxg3+ 34.
Kf1 Qc1+ 35. Ke2 Qc2+ 36. Ke1 Qb1+ 37. Ke2 Qd3+ 38. Ke1 Re3+ 39. Qxe3 Qxe3+ 40.
Kf1 Qf3+ 41. Ke1 Qe3+ 42. Kf1 Qd3+ 43. Kf2 Qxd5 44. Na7 Bg7 45. c7 Bd4+ 46. Ke2
Qe4+ 47. Kd2 Be3+ 48. Kc3 Qd4+ 49. Kc2 Qd2+ 50. Kb1 Qc1+ 51. Ka2 Qd2+ 52. Kb1
Qd3+ 53. Ka2 Qa6+ 54. Kb2 Bd4+ 55. Kb1 Qxb7 56. c8=Q+ Qxc8 57. Nxc8 Bc5 58. Ne7+
Kf7 59. Nd5 Ke6 60. Nf4+ Kf7 61. Kc2 g5 62. Nd3 Ke6 63. b4 Ba7 64. Kc3 f4 65.
Ne1 h5 66. Kd3 d5 67. Ke2 g4 68. hxg4 hxg4 69. Nd3 f3+ 0-1

[Event "World Blitz 2025"]
[Site "Doha QAT"]
[Date "2025.12.30"]
[Round "16.23"]
[White "Yakubboev, Nodirbek"]
[Black "Safarli, Eltaj"]
[Result "1-0"]
[WhiteTitle "GM"]
[BlackTitle "GM"]
[WhiteElo "2691"]
[BlackElo "2644"]
[WhiteFideId "14203987"]
[BlackFideId "13402129"]
[EventDate "2025.12.29"]

1. Nf3 Nf6 2. g3 g6 3. Bg2 Bg7 4. O-O O-O 5. d4 d5 6. b3 c6 7. c4 a5 8. Nc3 Bf5
9. Ne5 Ne4 10. Bb2 h5 11. cxd5 cxd5 12. Nb5 Nc6 13. Rc1 Rc8 14. Nxc6 Rxc6 15.
Rxc6 bxc6 16. Nc3 h4 17. Na4 h3 18. Bh1 Qd6 19. Qc1 Rc8 20. Ba3 Qf6 21. e3 Ng5
22. f4 Ne4 23. Nc5 Nxc5 24. Qxc5 Qe6 25. Kf2 Bf6 26. Bf3 Bg4 27. Bxg4 Qxg4 28.
Qc2 g5 29. f5 e6 30. fxe6 Qxe6 31. Qd3 Re8 32. Ke2 g4 33. Bc1 c5 34. dxc5 d4 35.
Qf5 Qa6+ 36. Ke1 Bg7 37. Qxf7+ Kh7 38. Qh5+ Bh6 39. Qxe8 1-0

[Event "World Blitz 2025"]
[Site "Doha QAT"]
[Date "2025.12.30"]
[Round "16.24"]
[White "Gurel, Ediz"]
[Black "Alekseenko, Kirill"]
[Result "0-1"]
[WhiteTitle "GM"]
[BlackTitle "GM"]
[WhiteElo "2645"]
[BlackElo "2659"]
[WhiteFideId "44507356"]
[BlackFideId "4135539"]
[EventDate "2025.12.29"]

1. e4 e5 2. Nf3 Nc6 3. Bb5 a6 4. Bxc6 dxc6 5. Nc3 Qf6 6. d4 exd4 7. Bg5 Qd6 8.
Nxd4 Be7 9. Bxe7 Nxe7 10. O-O Bd7 11. Nb3 O-O-O 12. Qh5 Ng6 13. Rad1 Qe5 14.
Qxe5 Nxe5 15. Nc5 b6 16. Nxd7 Rxd7 17. Rxd7 Kxd7 18. Rd1+ Ke7 19. b3 a5 20. f4
Nd7 21. Kf2 b5 22. a4 b4 23. Nb1 Nb6 24. Nd2 Rd8 25. Ke2 Rd4 26. Rf1 c5 27. Ke3
Rd6 28. f5 f6 29. g4 c4 30. Nxc4 Nxc4+ 31. bxc4 c5 32. c3 b3 33. Rb1 Rb6 34. Rb2
Kd6 35. Kf4 Rb8 36. h4 h6 37. Rd2+ Ke7 38. Rb2 Kd6 39. Kf3 Ke7 40. Ke3 Rb7 41.
Kf4 Kd6 42. Rd2+ Ke7 43. Rb2 Kd6 44. Rb1 b2 45. Ke3 Rb3 46. Kd3 Ke5 47. Kc2 Rb8
48. Kd3 Kf4 49. g5 hxg5 50. hxg5 fxg5 51. Rf1+ Ke5 52. Rb1 g4 53. Ke3 Rb3 54.
Kd3 g3 55. Ke3 Rxc3+ 56. Kd2 Rb3 0-1

[Event "World Blitz 2025"]
[Site "Doha QAT"]
[Date "2025.12.30"]
[Round "16.25"]
[White "Daneshvar, Bardiya"]
[Black "Mamedov, Rauf"]
[Result "0-1"]
[WhiteTitle "GM"]
[BlackTitle "GM"]
[WhiteElo "2600"]
[BlackElo "2645"]
[WhiteFideId "12576468"]
[BlackFideId "13401653"]
[EventDate "2025.12.29"]

1. c4 c5 2. g3 g6 3. Bg2 Bg7 4. Nc3 Nc6 5. Rb1 d6 6. a3 h5 7. Nf3 Nf6 8. b4 Nd4
9. d3 Nxf3+ 10. Bxf3 h4 11. Bb2 cxb4 12. axb4 Nd7 13. d4 a5 14. b5 Nb6 15. c5
Nc4 16. Ba1 dxc5 17. dxc5 Qxd1+ 18. Rxd1 Ne5 19. Bg2 h3 20. Be4 O-O 21. Nd5 f5
22. Nxe7+ Kh7 23. Bd5 Re8 24. Nxc8 Raxc8 25. Bxe5 Rxe5 26. c6 bxc6 27. Bxc6 a4
28. Rd3 Rc5 29. O-O Bb2 30. Rb1 a3 31. Rb3 Rc2 32. b6 a2 33. Rd1 a1=Q 34. Rxa1
Bxa1 0-1

[Event "World Blitz 2025"]
[Site "Doha QAT"]
[Date "2025.12.30"]
[Round "16.26"]
[White "Pranav, V"]
[Black "Paravyan, David"]
[Result "0-1"]
[WhiteTitle "GM"]
[BlackTitle "GM"]
[WhiteElo "2641"]
[BlackElo "2582"]
[WhiteFideId "25060783"]
[BlackFideId "4194985"]
[EventDate "2025.12.29"]

1. e4 e5 2. Nf3 Nf6 3. Nc3 Nc6 4. Bb5 Nd4 5. O-O Nxb5 6. Nxb5 Be7 7. Re1 c6 8.
Nc3 d6 9. d4 Qc7 10. h3 h6 11. a4 g5 12. Nh2 Rg8 13. Nf1 g4 14. h4 Nd7 15. Ng3
exd4 16. Qxd4 Ne5 17. Nf5 Bxf5 18. exf5 Bxh4 19. Ne4 O-O-O 20. Qxa7 d5 21. Nc5
Nf3+ 22. gxf3 gxf3+ 23. Kh1 Bxf2 24. Bd2 Bxc5 25. Qa8+ Kd7 26. Qa5 b6 27. Qa6
Rg2 28. Bf4 Qxf4 29. Qb7+ Qc7 0-1

[Event "World Blitz 2025"]
[Site "Doha QAT"]
[Date "2025.12.30"]
[Round "16.27"]
[White "Makarian, Rudik"]
[Black "Ahmad, Khagan"]
[Result "0-1"]
[WhiteTitle "GM"]
[BlackTitle "IM"]
[WhiteElo "2524"]
[BlackElo "2472"]
[WhiteFideId "44105681"]
[BlackFideId "13431552"]
[EventDate "2025.12.29"]

1. d4 Nf6 2. c4 e6 3. Nf3 d5 4. g3 dxc4 5. Bg2 Nbd7 6. O-O c6 7. Nc3 b5 8. e4
Bb7 9. e5 Nd5 10. Ng5 Be7 11. Qh5 g6 12. Qh6 Bf8 13. Qh3 Qb6 14. Rd1 Be7 15. Rb1
b4 16. Nce4 c5 17. dxc5 Nxc5 18. Nd6+ Bxd6 19. exd6 Qxd6 20. Qh4 f6 21. Nf3 O-O
22. Qxc4 Rfd8 23. Bf4 Qb6 24. Bh6 Ba6 25. Qh4 Nd3 26. Qd4 N5f4 27. Qxb6 Ne2+ 28.
Kf1 axb6 29. Nd4 Nxd4 30. Bxa8 Nxb2+ 31. Kg2 Nxd1 32. Rxd1 e5 33. Be4 f5 34. Bc2
Bb7+ 35. Kf1 Bd5 36. Bb1 Rc8 37. Be3 Bc4+ 38. Kg2 Bd5+ 39. Kf1 Bf3 40. Re1 Kf7
41. Bd2 b3 42. axb3 Nxb3 43. Ba2 Bd5 44. Bxb3 Bxb3 45. Rxe5 b5 46. Kg2 Rd8 47.
Bg5 Bd5+ 48. f3 Rd7 49. Bd2 Bxf3+ 50. Kxf3 Rxd2 51. h4 Rd3+ 52. Kf4 Rd4+ 53. Kf3
b4 54. Rb5 Ke6 55. Rb7 h6 56. Rb6+ Kf7 57. h5 gxh5 58. Rxh6 b3 59. Rb6 Rd3+ 60.
Kf4 Ke7 61. Kxf5 Rxg3 62. Kf4 h4 63. Ke4 h3 64. Kf4 Rc3 0-1

[Event "World Blitz 2025"]
[Site "Doha QAT"]
[Date "2025.12.30"]
[Round "16.28"]
[White "Goutham Krishna H"]
[Black "Grandelius, Nils"]
[Result "0-1"]
[WhiteTitle "IM"]
[BlackTitle "GM"]
[WhiteElo "2433"]
[BlackElo "2664"]
[WhiteFideId "25983504"]
[BlackFideId "1710400"]
[EventDate "2025.12.29"]

1. b3 Nf6 2. Bb2 d5 3. Nf3 e6 4. e3 Bd6 5. c4 O-O 6. Nc3 Nc6 7. d4 dxc4 8. Bxc4
e5 9. d5 Ne7 10. O-O Ng6 11. e4 Bg4 12. h3 Bh5 13. Qd3 Nf4 14. Qe3 Nd7 15. Ne1
Bc5 16. Qg3 Qf6 17. Nc2 a6 18. a4 Nb6 19. Rfe1 Nxc4 20. bxc4 Bg6 21. Ba3 Qd6 22.
Bxc5 Qxc5 23. Ne3 Qd4 24. Rac1 h5 25. Qf3 Rad8 26. Red1 Qc5 27. Rd2 Rd6 28. Ne2
Rf6 29. Nf5 Bxf5 30. exf5 Rxf5 31. Qe4 Nxh3+ 32. gxh3 Qxf2+ 33. Kh1 Rf3 34. Ng3
Qxd2 35. Rg1 Qf4 36. Qe1 h4 37. Nf1 Rxh3+ 38. Kg2 0-1